The Enviromental Audit and Business Strategy: A Total Quality Approach (Record no. 1085744)

MARC details
000 -LEADER
fixed length control field 00388nam a2200121Ia 4500
008 - FIXED-LENGTH DATA ELEMENTS--GENERAL INFORMATION
fixed length control field 231228s1993 xx 000 0 und d
041 ## - LANGUAGE CODE
Language code of text/sound track or separate title eng
082 ## - DEWEY DECIMAL CLASSIFICATION NUMBER
Classification number 658.4012
Item number LED
100 ## - MAIN ENTRY--PERSONAL NAME
Personal name LEDGERWOOD (G.)/ STREET (E.)/ THERIVEL (R.)
245 ## - TITLE STATEMENT
Title The Enviromental Audit and Business Strategy: A Total Quality Approach
260 ## - PUBLICATION, DISTRIBUTION, ETC.
Place of publication, distribution, etc. London
Name of publisher, distributor, etc. Pitman Publication London
Date of publication, distribution, etc. 1993
300 ## - PHYSICAL DESCRIPTION
Extent XV,203

No items available.